[Event "GER-ch Blitz Women 2020"]
[Site "Magdeburg"]
[Date "2020.08.15"]
[Round "1.8"]
[White "Frey, Alisa"]
[Black "Muetsch, Annmarie"]
[Result "0-1"]
[WhiteElo "2087"]
[BlackElo "2219"]
[Annotator "TA"]
[PlyCount "124"]
[EventDate "2020.07.28"]
[EventType "tourn"]
[EventCountry "GER"]
[SourceTitle "playchess.com"]
[Source "ChessBase"]
[SourceQuality "1"]

{[%evp 12,124,25,9,14,23,26,4,7,4,25,-11,-1,-8,23,16,18,14,60,42,95,74,166,127,178,76,110,122,314,123,141,112,391,377,371,318,286,288,424,336,330,197,309,156,156,61,56,56,132,135,267,297,393,339,385,381,371,356,372,379,401,345,325,338,453,451,477,490,620,546,528,496,500,513,477,388,500,0,0,0,0,0,0,0,0,-95,0,0,152,-29964,-29965,-29964,-411,-29978,-29979,-29979,-29976,-29977,-29977,-29980,-29981,-29981,-29982,-29982,-29983,-29983,-29983,-29983,-29984,-29984,-29985,-29986,-29987,-29987,-29988]} 1. e4 c5 2. Nf3 Nc6 3. d4 cxd4 4. Nxd4 e5 5. Nb5 d6 6. c4 Be7 7. Be3 Nf6 {B32: Sicilian: Löwenthal and Kalashnikov Variations.} 8. f3 O-O 9. Be2 Nh5 {The position is equal.} 10. O-O Be6 11. N1c3 a6 12. Na3 Nf4 {[#]} 13. Nd5 $146 ({Predecessor:} 13. Nc2 Rc8 14. Qd2 Nxe2+ 15. Qxe2 Na5 16. b3 b5 17. Nd5 Bxd5 18. cxd5 Bg5 19. f4 exf4 20. Bxf4 {0-1 (36) Tokarzhevskiy,A (1941)-Dzera,E (2174) Konakovo 2012}) 13... Bxd5 14. cxd5 Nb8 15. Qd2 Bg5 (15... Nxe2+ $14 16. Qxe2 f5) 16. Kh1 Qf6 (16... h6 $16) 17. Nc4 {Nb6 is the strong threat.} Nd7 (17... b5 $16) 18. Rac1 (18. g3 $18 Nxe2 19. Bxg5) 18... Rac8 19. Na5 b5 $2 {[#]} (19... Rxc1 $16 20. Rxc1 Rb8) 20. Rc6 $2 (20. Rxc8 $1 $18 {and the rest is easy.} Rxc8 21. g3) 20... Rxc6 21. Nxc6 {Black must now prevent g3.} h5 $2 {[%mdl 8192]} (21... Qh6 $16) 22. g3 $18 Nh3 23. Kg2 Bxe3 24. Qxe3 Ng5 (24... Qg5 $142 25. Qxg5 Nxg5 26. Ne7+ Kh8) 25. h4 Nh7 26. Rc1 (26. Qa7 $142 Nc5 27. b4) 26... Kh8 (26... Ra8 $142 27. Qa3 Kh8) 27. Nb4 (27. Qa7 $18 Qh6 28. Rc2) 27... Nc5 $16 28. Nd3 (28. a3 $16) 28... Nxd3 $14 29. Bxd3 Qd8 ({Black should try} 29... Rg8 $14) 30. Rc6 $36 {[%mdl 2048] Black is under strong pressure.} Qa5 (30... Qf6 $16 {was worth a try.} 31. Rxa6 g5) 31. a3 $18 ({Don't do} 31. Rxd6 $6 Qxa2 32. Qd2 Nf6 $18) 31... b4 32. Qb6 Qxb6 33. Rxb6 bxa3 34. bxa3 {[%mdl 4096] Endgame KRB-KRN} a5 35. Rxd6 g5 36. Ra6 gxh4 37. gxh4 Rg8+ 38. Kf2 Rb8 39. Rxa5 Nf6 40. Rb5 Ra8 41. Rb6 Nd7 42. Ra6 Rb8 {Black wants to play ...Nc5.} 43. Ke3 Nc5 44. Ra7 $2 (44. Ra5 $18 Nxd3 45. Kxd3) 44... Rb3 $11 45. Rxf7 ({Much worse is} 45. Ra8+ Kg7 $17) 45... Rxd3+ {KRN-KR} 46. Kf2 Rxa3 47. Rf5 Nd3+ 48. Kg2 (48. Kg3 $11 {remains equal.}) 48... Nf4+ ({Better is} 48... Kg7 $17) 49. Kg3 Ra2 $2 ({Black should play} 49... Ne2+ $11 50. Kh3 Kg7) 50. Rxf4 $2 {[#]} (50. Rxe5 $16 Ne2+ 51. Kf2) 50... exf4+ 51. Kxf4 $16 {KR-KP} Kg7 52. e5 (52. Kf5 $19 Rg2 53. d6) 52... Kg6 {Black mates.} 53. d6 Rd2 54. Ke4 Re2+ 55. Kd3 Rxe5 {KR-K3P} 56. Kd4 Re1 57. Kc5 Kf6 58. f4 Rc1+ 59. Kd5 Rd1+ 60. Kc6 Ke6 61. f5+ Kxf5 62. d7 Ke6 {Black used his chance. Accuracy: White = 60%, Black = 49%.} 0-1

[Event "GER-ch Blitz Women 2020"]
[Site "Magdeburg"]
[Date "2020.08.15"]
[Round "1.9"]
[White "Zimmer, Elke"]
[Black "Birkholz, Olga"]
[Result "1-0"]
[WhiteElo "1952"]
[BlackElo "2001"]
[Annotator "TA"]
[PlyCount "103"]
[EventDate "2020.07.28"]
[EventType "tourn"]
[EventCountry "GER"]
[SourceTitle "playchess.com"]
[Source "ChessBase"]
[SourceQuality "1"]

{[%evp 21,103,11,30,0,6,-22,-18,-39,18,3,12,0,21,14,14,0,54,59,58,52,56,50,68,62,77,74,130,125,122,133,540,121,129,-158,-182,-264,-217,-1055,-347,-1853,-3,-3,-3,-8,463,0,0,0,75,60,65,41,87,94,1568,1488,2054,1920,1657,1497,1669,1738,4669,4602,4181,2227,1452,29972,29970,29971,12844,2995,12837,12840,6705,5620,2743,2170,29982,29983,29984,29985,29980,29982]} 1. e4 e6 2. d4 d5 3. Nd2 c5 4. exd5 Qxd5 5. Ngf3 cxd4 6. Bc4 Qd7 7. O-O Nc6 8. Nb3 Nf6 9. Nbxd4 Nxd4 10. Nxd4 a6 11. Re1 Qc7 {11...b5 gains popularity.} 12. Bf1 {C07: French Tarrasch: 3...c5, 4 Ngf3 and 4 exd5 Qxd5.} Bd6 13. h3 O-O {[#]} 14. Bg5 $146 {The position is equal.} ({Predecessor:} 14. c3 Bh2+ 15. Kh1 Bf4 16. Bxf4 Qxf4 17. Qf3 Qxf3 18. Nxf3 b6 19. Rad1 Bb7 20. Be2 {½-½ (37) Jennitha,A (1949)-Belak,S (1959) Ruzomberok 2017}) 14... e5 (14... Bh2+ $15 15. Kh1 Be5) 15. Bxf6 gxf6 16. Nb3 Bf5 17. Bd3 Bg6 $1 18. h4 Kh8 (18... f5 $11) 19. Qf3 $14 Be7 20. h5 Bxd3 21. cxd3 Rg8 22. Rac1 Qb6 23. d4 Bb4 (23... Rg5 $142) 24. Re4 $16 Rae8 25. dxe5 Rxe5 $2 {[%mdl 8192] [#]} (25... Bf8 $16 {is a better chance.} 26. Rf4 (26. exf6 Rxe4 27. Qxe4 Qxf6 $16) 26... Be7 27. exf6 Bd6) 26. Rxe5 $2 (26. Rxb4 $1 $18 {[%mdl 512] is the precise move to win.} Qe6 (26... Qxb4 27. Qxf6+) 27. Rxb7) 26... fxe5 27. Qxf7 $2 {[%mdl 8192]} (27. a3 $16 {and life is bright.} e4 28. Qxe4) 27... Rf8 $17 28. Qc4 (28. Qd5 {keeps fighting.} Qxf2+ {[%mdl 64] Double Attack} 29. Kh2 Qf4+ 30. g3) 28... Qxf2+ $19 29. Kh1 $2 (29. Kh2 Rf4 30. Qc8+ Bf8 31. Rc3) 29... Bd6 $2 {[#]} (29... Rf4 30. Qc8+ Bf8) 30. Qe4 $2 (30. Qd5 Rf5 31. Rc8+ Bf8 32. Qd1) 30... Qf4 $2 (30... Rf4 $19 31. Qxf4 exf4) 31. Qxf4 $11 Rxf4 {[%mdl 4096] Endgame KRB-KRN} 32. Rd1 $132 {[%mdl 2048] White has counterplay} Bc5 $2 {[%mdl 8192]} (32... Bb4 $11 {and Black has nothing to worry.}) 33. Kh2 $2 (33. Nxc5 $18 {And now Rd8+ would win.} Rd4 34. Re1) 33... Bf8 34. Kg3 Bh6 (34... Rf7 $11 {remains equal.}) 35. Rd8+ Kg7 36. Rd7+ Kg8 37. Rxb7 {Black is now going downhill.} Rd4 $2 {[%mdl 8192]} (37... Rf5 $16) 38. Nxd4 $18 exd4 {KR-KB} 39. Rd7 Be3 40. Kf3 Bc1 41. b3 Bb2 42. g4 h6 43. Ke4 Kh8 44. Kf5 Kg8 45. Kg6 {[%cal Rd7d8]} Kf8 46. Rd5 (46. Kxh6 $142 Bc1+ 47. Kg6) 46... Ke8 47. Kxh6 Ke7 48. Kg6 Ke6 49. Rd8 Ke5 50. h6 {White mates.} Kf4 51. h7 d3 52. Rxd3 {Accuracy: White = 60%, Black = 40%.} 1-0

[Event "GER-ch Blitz Women 2020"]
[Site "Magdeburg"]
[Date "2020.08.15"]
[Round "2.1"]
[White "Paehtz, Elisabeth"]
[Black "Birkholz, Olga"]
[Result "1-0"]
[WhiteElo "2473"]
[BlackElo "2001"]
[Annotator "TA"]
[PlyCount "71"]
[EventDate "2020.07.28"]
[EventType "tourn"]
[EventCountry "GER"]
[SourceTitle "playchess.com"]
[Source "ChessBase"]
[SourceQuality "1"]

{[%evp 9,71,36,44,-14,0,-4,14,15,15,7,10,-2,-10,-20,-16,-18,21,-33,-11,-27,-7,-31,20,28,160,142,403,395,401,367,537,564,559,547,565,551,668,682,772,760,749,747,715,711,1246,1162,6287,5397,2910,580,2155,2181,2180,1678,6249,6249,6225,6225,6208,6133,5955,5795,5243,5243]} 1. d4 f5 2. e3 Nf6 3. b3 e6 4. Bb2 d5 5. Nf3 Bd6 {[#]} 6. Ba3 $146 {A80: Dutch Defence: Unusual White second moves.} (6. Bd3 $14) ({Predecessor:} 6. Bd3 O-O 7. c4 b6 8. O-O Bb7 9. cxd5 Nxd5 10. Nbd2 c5 11. Nc4 Bc7 12. dxc5 bxc5 {0-1 (55) Fier,A (2583)-Paravyan,D (2548) Tbilisi 2017}) 6... O-O 7. Bxd6 Qxd6 8. Be2 {The position is equal.} c5 9. O-O Nc6 10. Bb5 Ne7 11. Nc3 a6 {aiming for ...Ne4.} 12. Be2 Ne4 13. dxc5 ({Better is} 13. Nxe4 $11 fxe4 14. Ne5) 13... Qxc5 $15 14. Nxe4 fxe4 15. Ne5 Rf5 ({Black should try} 15... Nf5 $15) 16. Qd4 $11 Qxc2 (16... Qc7 $11 17. f4 exf3 18. Nxf3 e5) 17. Bg4 $36 {[%mdl 2048] Black is under strong pressure.} Rf6 $2 {[%mdl 8192] [#] Black cannot hold the game after this.} (17... Qc7 $16 18. Bxf5 Nxf5) 18. Rac1 $1 $18 {[%cal Rc1c2]} Qxa2 19. Rc7 Qa3 {[#]} (19... Qa5 $142 20. Rxe7 Kf8) 20. b4 $1 {White is clearly winning.} Nc6 21. Nxc6 bxc6 22. Qc5 {Qe7 would kill now.} Qb2 23. Qxc6 ({Less strong is} 23. Qe7 Rf8 $14) 23... Qe5 24. Rxc8+ Rxc8 25. Qxc8+ Kf7 26. Qxa6 Rh6 27. h3 Rg6 28. Qa7+ Kf6 29. Qd4 Rg5 30. b5 {[%cal Bb4b5,Bb5b6,Bb6b7][%mdl 32]} h5 31. Be2 Kg6 32. Qxe5 Rxe5 33. b6 Rf5 34. b7 Rf8 35. Rc1 {Intending Rc8 and mate.} Rb8 36. Ba6 {Accuracy: White = 83%, Black = 37%.} 1-0

[Event "GER-ch Blitz Women 2020"]
[Site "Magdeburg"]
[Date "2020.08.15"]
[Round "2.2"]
[White "Muetsch, Annmarie"]
[Black "Zimmer, Elke"]
[Result "1-0"]
[WhiteElo "2219"]
[BlackElo "1952"]
[Annotator "TA"]
[PlyCount "77"]
[EventDate "2020.07.28"]
[EventType "tourn"]
[EventCountry "GER"]
[SourceTitle "playchess.com"]
[Source "ChessBase"]
[SourceQuality "1"]

{[%evp 9,77,22,45,25,26,26,42,12,56,33,68,61,46,30,107,102,279,290,302,283,264,276,352,365,367,371,378,369,1042,406,400,391,385,383,470,467,432,420,527,537,533,525,553,549,542,543,534,518,616,612,625,620,659,657,653,649,720,672,1150,1159,1157,1177,1087,1095,1730,1718,12840,12840,12842,12835]} 1. e4 d5 2. exd5 Qxd5 3. Nc3 Qa5 4. Bc4 e6 5. d3 c6 6. Bd2 {B01: Scandinavian Defence.} Qd8 7. Nf3 Nf6 {[#]} 8. a4 $146 {White is slightly better.} ({Predecessor:} 8. Qe2 Be7 9. d4 O-O 10. O-O-O b5 11. Bd3 b4 12. Ne4 Qd5 13. Nxf6+ Bxf6 14. Bxb4 Qxa2 15. Bxf8 Kxf8 {0-1 (49) Caruana,F (2640)-Valsecchi,A (2342) Martina Franca 2008}) 8... Bd6 9. Qe2 Qc7 10. Ne4 Nxe4 11. dxe4 Bf4 (11... Nd7 $11) 12. Bc3 $36 {[%mdl 2048] White is in control.} f6 $2 {[#]} (12... O-O $16) 13. e5 $18 f5 14. g3 Bh6 15. Nd4 Qe7 16. Qh5+ Qf7 17. Qxf7+ Kxf7 18. Nxf5 Kg6 $2 (18... Na6 19. Nd6+ Ke7) 19. Nxh6 (19. Nd6 $142 {Intending h4 and mate.} Rd8 20. Bd3+ Kh5 21. h4 Rxd6 22. exd6) 19... Kxh6 20. Bd3 g6 21. h4 Rf8 22. Bd2+ Kg7 23. h5 Nd7 24. hxg6 {White is clearly winning.} hxg6 25. Bh6+ {[%mdl 64] [#] Skewer} Kg8 26. Bxf8 Nxf8 27. f4 Bd7 28. Kf2 c5 29. Be4 Rb8 30. a5 Bb5 31. b3 Kg7 32. Ke3 Rd8 33. Rhd1 Rxd1 34. Rxd1 {KRB-KBN} b6 35. axb6 axb6 36. Rd6 Bf1 37. Rxb6 c4 38. Kf2 Bh3 39. bxc4 {Black did not feel at home in the position after the opening. Accuracy: White = 89%, Black = 36%.} 1-0

[Event "GER-ch Blitz Women 2020"]
[Site "Magdeburg"]
[Date "2020.08.15"]
[Round "2.3"]
[White "Kosovska, Olena"]
[Black "Frey, Alisa"]
[Result "1-0"]
[WhiteElo "1881"]
[BlackElo "2087"]
[Annotator "TA"]
[PlyCount "51"]
[EventDate "2020.07.28"]
[EventType "tourn"]
[EventCountry "GER"]
[SourceTitle "playchess.com"]
[Source "ChessBase"]
[SourceQuality "1"]

{[%evp 17,51,30,43,0,0,0,36,37,61,16,19,26,25,8,9,0,113,111,104,83,90,56,57,54,54,52,98,89,124,77,77,32,40,12,774,778]} 1. e4 e5 2. Nf3 Nc6 3. Bb5 a6 4. Ba4 Nf6 5. O-O Be7 6. Re1 b5 7. Bb3 O-O 8. c3 d5 {The main line 8...d5 scores better than 8...d6.} 9. exd5 Nxd5 10. h3 {C89: Closed Ruy Lopez: Marshall Attack.} Bf6 11. d3 Na5 {[#]} 12. Nxe5 $146 {White is slightly better.} ({Predecessor:} 12. Bc2 Re8 13. Nbd2 c5 14. Ne4 Qb6 15. Bd2 Bf5 16. b4 Nb7 17. bxc5 Nxc5 18. c4 {½-½ (53) Marvanyi,M-Miskovec,S Slovakia 2000}) 12... c5 13. Ng4 Nxb3 14. axb3 Bb7 15. Nxf6+ Qxf6 16. Nd2 Nf4 (16... Qg6 $11 {remains equal.} 17. Ne4 f5) 17. Ne4 $16 Bxe4 18. Rxe4 Ne6 19. Qg4 Rfd8 20. Qg3 Rd7 21. Bf4 Nxf4 22. Rxf4 Qe6 23. Qf3 Rad8 24. d4 cxd4 25. cxd4 Rxd4 $2 {[%mdl 8192] [#]} (25... Rd5 $11) 26. Rxd4 {Accuracy: White = 51%, Black = 52%.} 1-0

[Event "GER-ch Blitz Women 2020"]
[Site "Magdeburg"]
[Date "2020.08.15"]
[Round "2.4"]
[White "Zeller, Elisa"]
[Black "Zschischang, Marine"]
[Result "0-1"]
[WhiteElo "1969"]
[BlackElo "2070"]
[Annotator "TA"]
[PlyCount "116"]
[EventDate "2020.07.28"]
[EventType "tourn"]
[EventCountry "GER"]
[SourceTitle "playchess.com"]
[Source "ChessBase"]
[SourceQuality "1"]

{[%evp 9,116,-2,5,2,18,10,14,-33,-10,-2,-13,-43,-34,-54,-21,-20,-10,-29,-23,-22,-22,-437,-437,-527,-524,-519,-518,-606,-591,-622,-619,-691,-681,-702,-699,-683,-653,-656,-653,-737,-709,-747,-747,-736,-722,-889,-782,-890,-810,-820,-816,-831,-817,-968,-974,-917,-909,-892,-868,-812,-810,-829,-790,-827,-775,-790,-776,-1102,-1085,-1059,-879,-859,-823,-840,-840,-1191,-1122,-1351,-1347,-29976,-1378,-29977,-29978,-29978,-29979,-29979,-6102,-29986,-29984,-29984,-29984,-29984,-29984,-29984,-29985,-29985,-29986,-29989,-29990,-29991,-29990,-29990,-29990,-29989,-29988,-29992,-29993,-29993,-29994]} 1. e4 e6 2. d4 d5 3. Nd2 dxe4 4. Nxe4 Nd7 5. c4 Ngf6 6. Nxf6+ {C10: French with 3 Nc3: Unusual Black 3rd moves and 3...dxe4.} Nxf6 7. Nf3 c5 {[#]} 8. Be3 $146 {The position is equal.} ({Predecessor:} 8. Be2 cxd4 9. a3 e5 10. Nxe5 Qa5+ 11. b4 Qxe5 12. O-O Be7 13. Bb2 O-O 14. Bxd4 {0-1 (51) Payyappat,S (2072)-Bode,W (2345) Langenhagen 2019}) 8... Qc7 9. dxc5 Bxc5 10. Bd3 Bxe3 11. fxe3 Qa5+ (11... e5 {keeps more tension.} 12. Qc2 O-O 13. O-O h6 14. a3 Rd8) 12. Qd2 Qxd2+ 13. Nxd2 (13. Kxd2 {is interesting.} Bd7 14. Ke2 h5 15. b4 Rc8 16. Ne5) 13... Bd7 14. O-O Bc6 {Hoping for ...Rd8.} 15. b4 $2 {[%mdl 8192] This move loses the game for White.} (15. Nf3 $11 {and White stays safe.}) 15... O-O-O $19 16. b5 Rxd3 {[%mdl 64] Double Attack} 17. Nb3 Bd7 18. Rfe1 Ne4 19. Rac1 Rd8 20. Nd4 e5 21. Nf3 f6 22. a4 Bg4 23. c5 Rc3 24. c6 bxc6 25. bxc6 Rxc1 26. Rxc1 Kc7 27. Ne1 Rd6 28. h3 Be6 29. Rb1 Rxc6 30. Nd3 Rc3 31. Nb4 a5 32. Na6+ Kc6 33. Nb8+ Kd5 34. Rb5+ Kc4 35. Rxa5 Rxe3 36. Ra6 Bf5 37. Nc6 Ra3 38. a5 Nc5 39. Ra8 Kb5 40. Ne7 Be4 41. Rb8+ Kxa5 42. Nc8 Ra1+ 43. Kh2 {[#]} Ra2 $1 44. Nd6 Rxg2+ 45. Kh1 Rb2+ 46. Nxe4 Rxb8 47. Nxc5 {[%mdl 4096] Endgame KR-KN} Kb4 (47... Kb5 $142 48. Ne4 Kc4 49. Kg2 Kd4 50. Ng3 e4 51. Nf5+ Ke5 52. Ne3 f5 53. Kf2 f4 54. Ng2 Rb2+ 55. Kg1 e3 56. Kf1 Ke4 57. Ne1 f3 58. Kg1 f2+ {[%mdl 64] Double Attack} 59. Kf1 {[#]} Rb1 $1 {[%mdl 576] Pin} 60. h4 fxe1=Q+ 61. Kg2 Qh1+ 62. Kg3 Rg1#) 48. Nd7 Rb7 {Black mates.} 49. Nf8 g6 50. Kg2 Kc3 51. Kf3 Kd3 52. Ne6 e4+ 53. Kf4 Rb5 54. Nc7 g5+ 55. Kg3 Rc5 56. Ne6 Rc8 57. Ng7 e3 58. Nf5 e2 {Accuracy: White = 43%, Black = 94%.} 0-1

[Event "GER-ch Blitz Women 2020"]
[Site "Magdeburg"]
[Date "2020.08.15"]
[Round "2.5"]
[White "Sieber, Fiona"]
[Black "Heinemann, Josefine"]
[Result "0-1"]
[WhiteElo "2201"]
[BlackElo "2281"]
[Annotator "TA"]
[PlyCount "104"]
[EventDate "2020.07.28"]
[EventType "tourn"]
[EventCountry "GER"]
[SourceTitle "playchess.com"]
[Source "ChessBase"]
[SourceQuality "1"]

{[%evp 25,104,27,18,24,13,9,29,23,19,16,19,16,14,13,11,16,25,23,22,24,43,-47,0,0,9,-80,-55,-150,-158,-162,322,-61,-78,-65,-10,-12,-7,-15,-7,-40,-43,-45,-58,-45,-51,-59,-57,-156,-152,-181,-162,-245,-179,-401,-277,-276,-247,-442,-441,-442,-418,-400,-372,-575,-504,-495,-310,-520,-506,-693,-632,-691,-350,-675,-703,-1298,-1135,-1583,-1310,-920,-742]} 1. e4 e5 2. Nf3 Nc6 3. Bb5 a6 4. Ba4 Nf6 5. O-O Nxe4 6. d4 b5 7. Bb3 d5 8. dxe5 Be6 9. c3 Be7 10. Nbd2 {[%cal Bb1d2,Bd2f3,Bf3d4,Bd4f5][%mdl 32]} Nc5 11. Bc2 d4 12. cxd4 Nxd4 13. Nxd4 Qxd4 14. Nf3 {C83: Open Ruy Lopez: 9 c3 Be7.} Qxd1 15. Rxd1 O-O 16. Be3 {White has an edge.} Rfd8 17. Nd4 Bd5 18. Rac1 Ne6 19. Nf5 Bf8 20. Bb1 {[#]} c5 $146 ({Predecessor:} 20... Bb7 21. f4 g6 22. Ng3 Bh6 23. Rf1 c5 24. Ne4 Bxe4 25. Bxe4 Rac8 26. g3 Bf8 27. Rfd1 c4 28. Kf2 Nc5 29. Bxc5 Bxc5+ 30. Kf3 {½-½ (30) Azarov,S (2585)-Robson,R (2667) chess.com INT 2019}) 21. b3 c4 22. bxc4 Bxc4 23. f3 ({White should try} 23. Nd6 $14) 23... Rxd1+ 24. Rxd1 Rd8 25. Re1 (25. Nd6 $11) 25... g6 26. Nh6+ (26. Nd6 $1 $15) 26... Kg7 $17 27. Ng4 Bd3 $4 {[%mdl 8192] [#]} (27... Bb4 $19 {and all is fine.} 28. Bh6+ Kh8) 28. Kf2 $2 (28. Bh6+ $1 $18 Kg8 29. Nf6+ Kh8 30. Bxf8) 28... Bxb1 $15 29. Rxb1 h5 (29... Bc5 $15) 30. Nf6 $11 Bc5 {Threatens to win with ...Rd2+.} 31. Ne4 Bd4 32. Bxd4 (32. a4 $5) 32... Rxd4 {[%mdl 4096] Endgame KRN-KRN} 33. Ke3 Ra4 34. Rb2 Ra3+ 35. Kf2 Nf4 {...Nd3+ is the strong threat.} 36. Rc2 {Black converts the advantage convincingly.} ({Better is} 36. Nc5 $15) 36... Nd3+ $17 {[%mdl 64] [#] Double Attack} 37. Ke2 Nxe5 38. f4 (38. Nd2 $142) 38... Nc4 39. Nd2 $2 (39. Nc3 {is a better defense.}) 39... Nxd2 40. Kxd2 $19 {KR-KR} b4 41. Rb2 $2 (41. Kc1 {was worth a try.}) 41... a5 42. Kc2 Kf6 43. Kb1 Kf5 44. g3 (44. Rc2 {might work better.} h4 45. Re2) 44... Rd3 45. Re2 Rd5 46. Ka1 $2 (46. Kc2) 46... Kg4 47. Re7 f6 48. Re6 Kf5 49. Re8 $2 (49. Re2) 49... Rd2 {Black is clearly winning.} 50. Kb1 Rxh2 51. Ra8 Rg2 52. Rxa5+ Kg4 {Accuracy: White = 27%, Black = 64%.} 0-1

[Event "GER-ch Blitz Women 2020"]
[Site "Magdeburg"]
[Date "2020.08.15"]
[Round "2.6"]
[White "Skibbe, Diana"]
[Black "Leib, Britta"]
[Result "1-0"]
[WhiteElo "1991"]
[BlackElo "1903"]
[Annotator "TA"]
[PlyCount "77"]
[EventDate "2020.07.28"]
[EventType "tourn"]
[EventCountry "GER"]
[SourceTitle "playchess.com"]
[Source "ChessBase"]
[SourceQuality "1"]

{[%evp 22,77,57,54,106,128,137,97,108,108,99,92,208,191,183,194,327,279,298,255,273,259,386,278,1001,647,639,657,654,650,658,648,654,646,813,798,1131,1131,29946,29945,6291,6254,5394,1856,29986,6131,6107,6127,29991,29992,29993,29993,29994,29994,29994,29995,29995,29996]} 1. e4 c5 2. Nc3 Nc6 3. Nf3 g6 4. d4 cxd4 5. Nxd4 Bg7 6. Be3 Nf6 7. Bc4 O-O 8. Bb3 d6 9. f3 Bd7 10. Qd2 Rc8 11. O-O-O Ne5 12. Kb1 $1 {[%mdl 4] now scores much better than the old 12.h4.} b5 {B78: Sicilian Dragon: Yugoslav Attack, 9 Bc4 Bd7 10 0-0-0 Rc8.} ({Better is} 12... Re8 $14) 13. Ndxb5 $16 a6 14. Nd4 Nc4 {White is better.} 15. Bxc4 Rxc4 16. g4 Qc7 {[#]} (16... Qb8 $16 {might work better.}) 17. g5 $146 ({Predecessor:} 17. Nde2 Rb8 18. Ka1 Bxg4 19. e5 Bxf3 20. exf6 Bxf6 21. Bd4 Bxd4 22. Nxd4 Bxh1 23. Rxh1 Rxb2 24. Kxb2 {0-1 (53) Li,J (1943)-Kang,D (1853) Sturbridge 2018}) 17... Nh5 {[#]} 18. Nd5 $1 {[%csl LRc7,LRe7][%cal Rd5c7][%mdl 64] Double Attack} Qb7 (18... Qd8 $142 19. Qd3 Rc8 20. Qxa6 e6) 19. Nxe7+ Kh8 20. Nd5 Rb8 {[%csl Gb8][%cal Rb7b2]} 21. Nb3 a5 (21... Be6 $142 22. c3 Qb5) 22. Nb6 a4 $2 (22... Rc6 23. Nxd7 (23. Qxa5 Rxb6 24. Bxb6 Qxb6 $16) 23... Qxd7 24. Qxa5 Qc8) 23. Nxc4 axb3 24. cxb3 Be6 25. Nxd6 Qa6 26. Bd4 Ra8 27. Bxg7+ Kxg7 28. a3 Bxb3 29. Qc3+ {[%mdl 64] Double Attack} f6 30. gxf6+ Nxf6 31. Qxb3 {Qf7+ would kill now.} Qa7 32. Rhg1 Rb8 33. Nf5+ (33. Qe6 $142 Ng8 34. Nc8 Rxc8 35. Rd7+ Qxd7 36. Qxd7+ Kh6 37. Qxc8 Kg7 38. Qd7+ Kf6 {[#]} 39. e5+ $1 {[%mdl 576] Decoy} Kxe5 40. Re1+ Kf6 41. h4 g5 42. Re6+ Kf5 43. Qf7+ {[%mdl 64] Double Attack} Nf6 44. Qxf6#) 33... Kh8 34. Qe6 Nh5 35. Qe5+ {White mates.} Kg8 36. Nh6+ Kf8 37. Qh8+ Ke7 38. Qxh7+ {[%mdl 64] Double Attack} Ke6 39. Qxa7 {White took control after the opening. Accuracy: White = 62%, Black = 17%.} 1-0

[Event "GER-ch Blitz Women 2020"]
[Site "Magdeburg"]
[Date "2020.08.15"]
[Round "2.7"]
[White "Scognamiglio, Stefanie"]
[Black "Voicu-Jagodzinsky, Carmen"]
[Result "0-1"]
[WhiteElo "2097"]
[BlackElo "2244"]
[Annotator "TA"]
[PlyCount "71"]
[EventDate "2020.07.28"]
[EventType "tourn"]
[EventCountry "GER"]
[SourceTitle "playchess.com"]
[Source "ChessBase"]
[SourceQuality "1"]

{[%evp 9,71,-19,-20,-45,-29,-29,23,0,0,0,33,31,39,33,30,36,58,32,46,38,49,-10,-6,-15,-10,-93,-97,-102,-93,-97,-97,-153,-153,-152,-147,-159,-154,-159,-155,-161,-162,-160,-152,-146,-121,-139,-91,-141,-121,-260,-252,-452,-464,-450,-450,-539,-536,-535,-520,-528,-517,-468,-383,-437]} 1. e4 c5 2. Nf3 Nc6 3. d4 cxd4 4. Bc4 g6 5. O-O Bg7 6. Qe2 {B32: Sicilian: Löwenthal and Kalashnikov Variations.} d6 7. Rd1 {[#]} e6 $146 (7... e5 $142) ({Predecessor:} 7... Nf6 8. c3 d3 9. Rxd3 Bg4 10. h3 Bxf3 11. Rxf3 O-O 12. Bf4 Nh5 13. Bh2 Ne5 14. Bxe5 Bxe5 {½-½ (53) Marek,J (2045)-Dungl,M (2050) Czechia 2014}) 8. h3 {White has an edge.} Nge7 9. c3 {[%cal Rf3d4]} dxc3 10. Nxc3 O-O 11. Bf4 {[%mdl 1024] White has compensation.} e5 12. Be3 a6 13. Qd2 (13. Bc5 $5) 13... b5 14. Bb3 Bb7 15. Qxd6 (15. a3 $14) 15... Nd4 $1 $36 {[%mdl 2048] Black has good play.} 16. Qxd8 Raxd8 17. Bxd4 (17. Bg5 $11 Nxb3 18. Bxe7 Nxa1 19. Bxd8) 17... exd4 $17 18. Nd5 Nxd5 19. exd5 Bxd5 20. Nxd4 ({Better is} 20. Bxd5 Rxd5 21. Ne1) 20... Bxb3 21. Nxb3 Bxb2 22. Rxd8 Rxd8 {[%mdl 4096] Endgame KRB-KRN} 23. Rb1 Be5 24. Nc5 Rd6 25. g3 Kh8 26. Kg2 Bd4 27. Ne4 Rc6 28. Rb3 Rc2 {And now ...f5 would win.} 29. a3 {This move loses the game for White.} (29. Rd3 $17 {was the only defense.} Ba1 30. Rd2 Rxd2 31. Nxd2) 29... f5 $19 30. Nd6 $2 (30. Rd3 Bb6 31. Rd6) 30... Rxf2+ 31. Kh1 Ra2 32. g4 fxg4 {[#] aiming for ...Ra1+.} 33. hxg4 Bc5 34. Ne4 Bxa3 35. Rd3 h5 36. Rd7 {Accuracy: White = 49%, Black = 82%.} 0-1